Hazardous waste landfill sites unveiled (Record no. 71419)
[ view plain ]
| 000 -LEADER | |
|---|---|
| fixed length control field | 01186cam a2200193 4500 |
| 008 - FIXED-LENGTH DATA ELEMENTS--GENERAL INFORMATION | |
| fixed length control field | 021023n2002 000 0 eng u |
| 035 ## - SYSTEM CONTROL NUMBER | |
| System control number | (Sirsi) u120223 |
| 245 ## - TITLE STATEMENT | |
| Title | Hazardous waste landfill sites unveiled |
| 260 ## - PUBLICATION, DISTRIBUTION, ETC. | |
| Date of publication, distribution, etc. | 2002 |
| 490 ## - SERIES STATEMENT | |
| Series statement | RICS Rural Professional |
| Volume/sequential designation | October/November 2002, 15(1) |
| 520 ## - SUMMARY, ETC. | |
| Summary, etc. | In the first phase implementation of the landfill directive around 220 of the 1 300 landfill sites across England and Wales have been nominated to become sites specialising in hazardous waste. To comply with the landfill directive and the requirements of the Integrated pollution prevention and control directive operators will have to obtain new operating permits and for sites receiving hazardous waste, this has to be completed by 16 July 2004. For a list of sites for which a conditioning plan has been accepted and landfills classified as able to accept 'hazardous waste': http://www.environment-agency.gov.uk/business/wasteman/landfill/351711 |
| 590 ## - LOCAL NOTE (RLIN) | |
| Local note | WB |
| 650 ## - SUBJECT ADDED ENTRY--TOPICAL TERM | |
| Topical term or geographic name entry element | LANDFILL SITES |
| 650 ## - SUBJECT ADDED ENTRY--TOPICAL TERM | |
| Topical term or geographic name entry element | HAZARDOUS WASTE |
| 650 ## - SUBJECT ADDED ENTRY--TOPICAL TERM | |
| Topical term or geographic name entry element | DIRECTIVE 99/31/EC |
| 650 ## - SUBJECT ADDED ENTRY--TOPICAL TERM | |
| Topical term or geographic name entry element | IPPC DIRECTIVE |
| 690 ## - LOCAL SUBJECT ADDED ENTRY--TOPICAL TERM (OCLC, RLIN) | |
| Topical term or geographic name as entry element | ENVIRONMENTAL AND LAND CONSULTANCY-WASTE MANAGEMENT |
| 942 ## - ADDED ENTRY ELEMENTS (KOHA) | |
| Suppress in OPAC | 0 |
| Withdrawn status | Lost status | Source of classification or shelving scheme | Damaged status | Not for loan | Home library | Current library | Shelving location | Date acquired | Total Checkouts | Barcode | Date last seen | Copy number | Price effective from | Koha item type |
|---|---|---|---|---|---|---|---|---|---|---|---|---|---|---|
| Dewey Decimal Classification | London | London | News article | 23/10/2002 | 120223-1001 | 06/08/2019 | 1 | 06/08/2019 | News article |